Szczegóły MARC21

Grenzüberschreitungen um 1900 : Österreichische Literatur in Übergang terreichische Literatur und Kultur /

005 -DATA I CZAS OSTATNIEJ MODYFIKACJI [,]
    • @
    • pole kontrolne
    • 20070315155141.9
020 -Międzynarod. znormalizowany nr książki - ISBN [ , ]
    • a
    • Numer ISBN
    • 3898961117 Find
040 -Instytucja sporządzająca opis [ , ]
    • a
    • Instytucja, która sporządziła opis (NP)
    • SZCZ U
    • c
    • Instytucja, która sporządziła rekord (NP)
    • SZCZ U
041 -Język dokumentu [0, ]
    • a
    • Język tekstu (P)
    • niemiecki
    • h
    • Język tekstu oryginalnego i/lub pośredniego (P)
    • niemiecki
942 -Rodzaj dokumentu [ , ]
    • c
    • Rodzaj dokumentu
    • Książka
245 -Strefa tytułu i oznaczenia odpowiedzialności [0, ]
    • a
    • Tytuł
    • Grenzüberschreitungen um 1900 : Find
    • b
    • Ciąg dalszy tytułu (NP)
    • Österreichische Literatur in Übergang terreichische Literatur und Kultur / Find
    • c
    • Pozostałe elementy strefy tytułu i oznaczenia odpowiedzialności (NP)
    • hrsg.Thomas Eicher unter Mitarb. Peter Sowa.
250 -Strefa wydania [ , ]
    • a
    • Oznaczenie wydania (NP)
    • 2. Aufl.
260 -Strefa adresu wydawniczego [ , ]
    • a
    • Miejsce wydania (P)
    • Oberhausen :
    • b
    • Nazwa wydawcy (P)
    • "Athena",
    • c
    • Data wydania (P)
    • 2002.
300 -Strefa opisu fizycznego [ , ]
    • a
    • Określenie formy książki i/lub objętość (NP)
    • 254 s. :
    • b
    • Oznaczenie ilustracji (NP)
    • il. :
    • c
    • Format (NP)
    • 21cm.
490 -Strefa serii i książki wielotomowej - forma nie do wyszukiwania [0, ]
    • a
    • Tytuł (P)
    • (Übergänge, Grenzfälle ; . Österreichische Literatur in Kontexten Find
    • v
    • Numeracja (P)
    • Bd. 3)
500 -Uwaga ogólna [ , ]
    • a
    • Uwaga ogólna (NP)
    • Bibliogr
080 -Uniwersalna Klasyfikacja Dziesiętna [ , ]
    • a
    • Symbol klasyfikacji
    • 830(436)(091)"19"(061)=30
980 -Symbol UKD [ , ]
    • a
    • UKD
    • 830(436)(091)"19"(061)=30
700 -Hasło dodatkowe - nazwa osobowa [ , ]
    • a
    • Nazwa osobowa (NP)
    • Eicher Thomas Find
700 -Hasło dodatkowe - nazwa osobowa [ , ]
    • a
    • Nazwa osobowa (NP)
    • Sowa Peter Find
920 -ISBN [ , ]
    • a
    • ISBN
    • 3-89896-111-7 Find
Status udost. Sygnatura Numer inwentarzowy Lokalizacja Data inwentaryzacji
1GERM. Literatura austriacka 30 G.17559BM2006-01-13